[Event "Koop Tjuchem op"]
[Site "Groningen"]
[Date "1996.??.??"]
[Round "2"]
[White "Kupreichik, Viktor D"]
[Black "Friedman, Aviv"]
[Result "1-0"]
[WhiteElo "2510"]
[BlackElo "2325"]
[PlyCount "63"]
[EventDate "1996.12.20"]
[EventType "swiss"]
[EventRounds "11"]
[EventCountry "NED"]
[SourceTitle "EXT 1998"]
[Source "ChessBase"]
[SourceDate "1997.11.17"]
[SourceVersion "1"]
[SourceVersionDate "1997.11.17"]
[SourceQuality "1"]

1. e4 e6 2. d4 d5 3. e5 c5 4. c3 Nc6 5. Be3 Qb6 6. Qd2 Nh6 7. Nf3 Nf5 8. dxc5 Bxc5 9. Bxc5 Qxc5 10. Bd3 Nfe7 11. 0-0 Ng6 12. Re1 0-0 13. Na3 f6 14. Bxg6 hxg6 15. Nc2 Qe7 16. Rad1 Rf7 17. Ncd4 Nxd4 18. Qxd4 g5 19. h4 gxh4 20. Qxh4 Bd7 21. exf6 Qxf6 22. Ng5 g6 23. Rd3 Re7 24. Rf3 Qg7 25. Qb4 b6 26. Qd6 Rae8 27. Rg3 Bc8 28. Nf3 Rd7 29. Qc6 Bb7 30. Qa4 e5 31. Rxe5 Rxe5 32. Nxe5 1-0

[Event "World op 23rd"]
[Site "Philadelphia"]
[Date "1995.??.??"]
[Round "5"]
[White "Friedman, Aviv"]
[Black "Gurevich, Dmitry"]
[Result "1/2-1/2"]
[WhiteElo "2325"]
[BlackElo "2530"]
[PlyCount "78"]
[EventDate "1995.06.??"]
[EventType "swiss"]
[EventRounds "9"]
[EventCountry "USA"]
[SourceTitle "EXT 2000"]
[Source "ChessBase"]
[SourceDate "1999.11.16"]
[SourceVersion "1"]
[SourceVersionDate "1999.11.16"]
[SourceQuality "1"]

1. Nf3 Nf6 2. c4 c5 3. Nc3 b6 4. e4 d6 5. d4 cxd4 6. Nxd4 Bb7 7. Nd5 Nbd7 8. Nb5 Bxd5 9. exd5 g6 10. g3 Bg7 11. Bg2 0-0 12. 0-0 a6 13. Nd4 Qc7 14. b3 b5 15. cxb5 Nb6 16. Bb2 Nbxd5 17. Nf5 gxf5 18. Bxd5 Nxd5 19. Bxg7 Kxg7 20. Qxd5 axb5 21. Qxf5 Qc5 22. Qg4+ Kh8 23. Rac1 Qe5 24. Rfe1 Qf6 25. Rc2 Rfd8 26. Qe2 Qf5 27. Rc7 e6 28. Rb7 Rab8 29. Rxb8 Rxb8 30. Qd2 Rd8 31. Qc3+ Kg8 32. Qc7 Ra8 33. Qxd6 Rxa2 34. Qd8+ Kg7 35. Qd4+ Qf6 36. Re5 h6 37. Qg4+ Kf8 38. Qb4+ Kg7 39. Qg4+ Kf8 1/2-1/2

[Event "Groningen op"]
[Site "Groningen"]
[Date "1995.??.??"]
[Round "?"]
[White "Friedman, Aviv"]
[Black "Martinovic, Slobodan"]
[Result "1/2-1/2"]
[WhiteElo "2295"]
[BlackElo "2445"]
[PlyCount "54"]
[EventDate "1995.12.??"]
[EventType "swiss"]
[EventRounds "11"]
[EventCountry "NED"]
[SourceTitle "CBM 050 Extra"]
[Source "ChessBase"]
[SourceDate "1996.03.01"]
[SourceVersion "1"]
[SourceVersionDate "1996.03.01"]
[SourceQuality "1"]

1. e4 c5 2. Nf3 e6 3. d4 cxd4 4. Nxd4 a6 5. Bd3 Qb6 6. Nb3 Qc7 7. 0-0 Nf6 8. Qe2 d6 9. f4 Nc6 10. a4 b6 11. Nc3 Be7 12. Bd2 0-0 13. Rae1 Nb4 14. e5 dxe5 15. fxe5 Nd7 16. Rf3 Nxd3 17. cxd3 Nc5 18. Nxc5 Bxc5+ 19. Kh1 Bb7 20. Rh3 f5 21. exf6 Rxf6 22. Ne4 Rf5 23. Nxc5 Qxc5 24. Qxe6+ Rf7 25. Rg3 Qc6 26. Qb3 Qd6 27. Bb4 Bd5 1/2-1/2

[Event "World op 23rd"]
[Site "Philadelphia"]
[Date "1995.??.??"]
[Round "6"]
[White "Ivanov, Alexander"]
[Black "Friedman, Aviv"]
[Result "0-1"]
[WhiteElo "2530"]
[BlackElo "2295"]
[PlyCount "144"]
[EventDate "1995.06.??"]
[EventType "swiss"]
[EventRounds "9"]
[EventCountry "USA"]
[SourceTitle "EXT 2000"]
[Source "ChessBase"]
[SourceDate "1999.11.16"]
[SourceVersion "1"]
[SourceVersionDate "1999.11.16"]
[SourceQuality "1"]

1. e4 c5 2. Nf3 Nc6 3. d4 cxd4 4. Nxd4 e5 5. Nb5 d6 6. a4 Be6 7. N1c3 a6 8. Na3 Be7 9. Nc4 Rc8 10. Nd5 Bxd5 11. exd5 Nb8 12. a5 Nd7 13. Be2 Ngf6 14. Be3 0-0 15. 0-0 Ne8 16. Nb6 Nxb6 17. Bxb6 Qd7 18. c4 f5 19. b4 Nf6 20. f3 Nh5 21. Qb3 Nf4 22. Bd1 Kh8 23. g3 Ng6 24. f4 exf4 25. gxf4 Bd8 26. Be3 Qe7 27. c5 Nh4 28. Qd3 Rf6 29. Kh1 Rh6 30. cxd6 Qxd6 31. Bc5 Qd7 32. Ba4 Qf7 33. Rae1 Bf6 34. d6 Qa2 35. Bc2 Bd4 36. d7 Qd5+ 37. Qe4 Qxd7 38. Qxd4 Qc6+ 39. Be4 fxe4 40. Qxe4 Qxe4+ 41. Rxe4 Nf5 42. Rg1 Kg8 43. Re5 Rf6 44. Rd1 Rf7 45. Red5 g6 46. Rd8+ Rxd8 47. Rxd8+ Kg7 48. Kg2 Kf6 49. Kf3 Ke6 50. Ke4 Rc7 51. Re8+ Kf7 52. Re5 Kf6 53. Rd5 Ke6 54. Rd8 Rf7 55. Re8+ Kd7 56. Re5 Rg7 57. Kd5 Rf7 58. Re4 Ng7 59. Be3 Rf5+ 60. Re5 Rf6 61. Ke4 Nf5 62. Bc5 Rf7 63. Kd5 Ng7 64. Be3 Rf6 65. Ke4 Nf5 66. Bf2 Nd6+ 67. Kf3 Rf7 68. Bc5 Nf5 69. Re1 Nh4+ 70. Kg3 Nf5+ 71. Kg4 Nh6+ 72. Kg5 Ng8 0-1